|
|
|
|
| LEADER |
00943nam a2200289 a 4500 |
| 001 |
c000321057 |
| 003 |
CARM |
| 005 |
20020206203612.0 |
| 008 |
750121s1975 nyua b 000 0beng |
| 010 |
|
|
|a 75001480
|
| 019 |
1 |
|
|a 379965
|5 LACONCORD2021
|
| 020 |
|
|
|a 0810903598
|
| 035 |
|
|
|a (OCoLC)1176814
|5 LACONCORD2021
|
| 040 |
|
|
|a LC
|b eng
|c LC
|
| 050 |
0 |
0 |
|a N6537.H36
|b L46
|
| 082 |
0 |
0 |
|a 709/.2/4
|
| 082 |
0 |
4 |
|a 709/.2/4
|
| 100 |
1 |
|
|a Harris, Paul,
|d 1925-
|
| 245 |
1 |
0 |
|a Paul Harris /
|c Denis [sic] Leon.
|
| 260 |
|
|
|a New York :
|b H. N. Abrams,
|c 1975.
|
| 300 |
|
|
|a 86 p. :
|b ill. (some col.) ;
|c 21 x 23 cm.
|
| 490 |
0 |
|
|a Modern artists
|
| 504 |
|
|
|a Bibliography: p. 84-86.
|
| 700 |
1 |
|
|a Leon, Dennis.
|
| 852 |
8 |
|
|b CARM
|h A1:AP36D0
|i F02256
|p 0353298
|f BK
|
| 999 |
f |
f |
|i d1c70d6c-5bfc-57fe-a93d-2d7b06e33215
|s f841a05c-e403-568a-8a5f-b5c68111ce1f
|
| 952 |
f |
f |
|p Can circulate
|a CAVAL
|b CAVAL
|c CAVAL
|d CARM 1 Store
|e F02256
|f A1:AP36D0
|h Other scheme
|i book
|m 0353298
|